[Event "Mittelfrank Regionalliga Nord-Ost 2223"]
[Site "Mittelfranken"]
[Date "2023.02.05"]
[Round "6.2"]
[White "Heidrich, Manfred"]
[Black "Albrecht, Hans"]
[Result "1/2-1/2"]
[WhiteElo "2231"]
[BlackElo "2070"]
[PlyCount "80"]
[EventDate "2022.10.09"]
[EventType "team-tourn"]
[EventRounds "9"]
[EventCountry "GER"]
[SourceTitle "EXT 2024"]
[Source "ChessBase"]
[SourceDate "2023.10.10"]
[SourceVersion "1"]
[SourceVersionDate "2023.10.10"]
[SourceQuality "1"]
[WhiteTeam "Forchheim SC"]
[BlackTeam "Nuernberg Noris Tarrasch III"]
[WhiteTeamCountry "GER"]
[BlackTeamCountry "GER"]

1. e4 e6 2. d4 d5 3. Nd2 c5 4. Ngf3 cxd4 5. Nxd4 Nc6 6. Bb5 Bd7 7. Nxc6 Bxc6 8. Bxc6+ bxc6 9. c4 d4 10. 0-0 c5 11. f4 Qd7 12. Nf3 f6 13. Ne1 Ne7 14. Nd3 Qc6 15. Re1 g6 16. Bd2 Nc8 17. f5 e5 18. Qf3 Nb6 19. Rac1 Nd7 20. Qh3 Bg7 21. b4 0-0 22. a3 g5 23. Qf3 Rfc8 24. Qd1 a6 25. Qb3 Qb6 26. Rb1 Qc7 27. Rbc1 Kh8 28. Qa2 Bf8 29. g4 Nb6 30. Nb2 Qf7 31. Qb3 Rab8 32. Kf2 Rc7 33. Ke2 Rbb7 34. Kd3 h5 35. h3 Qe8 36. Rh1 Rh7 37. Rcg1 Rbc7 38. Rc1 Rb7 39. Rcg1 Rbc7 40. Rc1 Rb7 1/2-1/2

[Event "Regionalliga Nord-Ost 1819"]
[Site "Bayern"]
[Date "2019.03.24"]
[Round "8.2"]
[White "Engelmann, Wolfgang"]
[Black "Albrecht, Hans"]
[Result "1/2-1/2"]
[WhiteElo "2053"]
[BlackElo "2089"]
[PlyCount "21"]
[EventDate "2018.10.21"]
[EventType "team-tourn"]
[EventRounds "9"]
[EventCountry "GER"]
[SourceTitle "EXT 2022"]
[Source "ChessBase"]
[SourceDate "2021.10.06"]
[SourceVersion "1"]
[SourceVersionDate "2021.10.06"]
[SourceQuality "1"]
[WhiteTeam "Rothenburg"]
[BlackTeam "Nuernberg NT III"]
[WhiteTeamCountry "GER"]
[BlackTeamCountry "GER"]

1. d4 Nf6 2. Nf3 e6 3. c4 b6 4. Nc3 Bb7 5. Bg5 h6 6. Bh4 Be7 7. Qc2 d5 8. e3 Nbd7 9. cxd5 exd5 10. Be2 a6 11. 0-0 1/2-1/2

[Event "Regionalliga Nord-Ost 1819"]
[Site "Bayern"]
[Date "2018.11.25"]
[Round "3.2"]
[White "Sippl, Martin"]
[Black "Albrecht, Hans"]
[Result "0-1"]
[WhiteElo "1926"]
[BlackElo "2089"]
[PlyCount "102"]
[EventDate "2018.10.21"]
[EventType "team-tourn"]
[EventRounds "9"]
[EventCountry "GER"]
[SourceTitle "EXT 2022"]
[Source "ChessBase"]
[SourceDate "2021.10.06"]
[SourceVersion "1"]
[SourceVersionDate "2021.10.06"]
[SourceQuality "1"]
[WhiteTeam "Postbauer Heng"]
[BlackTeam "Nuernberg NT III"]
[WhiteTeamCountry "GER"]
[BlackTeamCountry "GER"]

1. e4 e6 2. d3 c5 3. g3 Nc6 4. Bg2 Nf6 5. f4 d5 6. e5 Ng8 7. Nf3 Bd7 8. 0-0 Qc7 9. Re1 0-0-0 10. a3 Kb8 11. c3 Bc8 12. b4 Nh6 13. Be3 d4 14. cxd4 cxb4 15. Qa4 Qa5 16. Qxa5 Nxa5 17. axb4 Bxb4 18. Bd2 Nc6 19. Bxb4 Nxb4 20. Ra4 Nc6 21. Nc3 Nf5 22. d5 exd5 23. Ng5 Be6 24. g4 Nfe7 25. f5 h6 26. fxe6 hxg5 27. exf7 a6 28. e6 Kc7 29. Ne2 Kd6 30. Ng3 Ne5 31. Nf5+ Nxf5 32. gxf5 Nxd3 33. Rd1 Nf4 34. Rad4 Ne2+ 35. Kf2 Nxd4 36. Rxd4 Ke7 37. Kg3 Rh4 38. Rxd5 Rxd5 39. Bxd5 a5 40. Bxb7 a4 41. Bd5 a3 42. h3 Rd4 43. Ba2 Rd2 44. Bc4 a2 45. Bxa2 Rxa2 46. Kg4 Ra3 47. Kxg5 Rxh3 48. Kg6 Rh6+ 49. Kg5 Rf6 50. Kg4 Kd6 51. Kf4 Kd5 0-1

[Event "Mittelfranken-chTB1 1718"]
[Site "Mittelfranken"]
[Date "2018.05.06"]
[Round "9.3"]
[White "Albrecht, Hans"]
[Black "Reinholz, Benjamin"]
[Result "1-0"]
[WhiteElo "2049"]
[BlackElo "1933"]
[PlyCount "53"]
[EventDate "2017.10.08"]
[EventType "team-tourn"]
[EventRounds "9"]
[EventCountry "GER"]
[SourceTitle "EXT 2022"]
[Source "ChessBase"]
[SourceDate "2021.10.06"]
[SourceVersion "1"]
[SourceVersionDate "2021.10.06"]
[SourceQuality "1"]
[WhiteTeam "Nuernberg Noris Tarrasch III"]
[BlackTeam "Erlangen SC III"]
[WhiteTeamCountry "GER"]
[BlackTeamCountry "GER"]

1. e4 e5 2. Nf3 Nc6 3. Bb5 g6 4. 0-0 Bg7 5. c3 a6 6. Ba4 Nge7 7. d4 b5 8. Bb3 d6 9. a4 Bg4 10. Bxf7+ Kf8 11. Bb3 h6 12. h3 Bd7 13. dxe5 bxa4 14. Bxa4 dxe5 15. Bb3 Bf6 16. Nh2 Kg7 17. Bc4 a5 18. Ng4 Bxg4 19. Qxg4 Rf8 20. Na3 Rb8 21. Nb5 Nc8 22. Rd1 Nd6 23. b3 h5 24. Qe2 Be7 25. Nxd6 cxd6 26. Bd5 Na7 27. Qe3 1-0

[Event "Mittelfranken-chTB1 1718"]
[Site "Mittelfranken"]
[Date "2018.01.28"]
[Round "4.2"]
[White "Justen, Detlef"]
[Black "Albrecht, Hans"]
[Result "1/2-1/2"]
[WhiteElo "2086"]
[BlackElo "2049"]
[PlyCount "60"]
[EventDate "2017.10.08"]
[EventType "team-tourn"]
[EventRounds "9"]
[EventCountry "GER"]
[SourceTitle "EXT 2022"]
[Source "ChessBase"]
[SourceDate "2021.10.06"]
[SourceVersion "1"]
[SourceVersionDate "2021.10.06"]
[SourceQuality "1"]
[WhiteTeam "Gunzenhausen"]
[BlackTeam "Nuernberg Noris Tarrasch III"]
[WhiteTeamCountry "GER"]
[BlackTeamCountry "GER"]

1. d4 Nf6 2. Nf3 b6 3. g3 Bb7 4. Bg2 g6 5. 0-0 Bg7 6. c4 0-0 7. Nc3 Ne4 8. Nxe4 Bxe4 9. Bf4 d6 10. Qd2 Qc8 11. Bh6 Nd7 12. Bxg7 Kxg7 13. d5 c5 14. Ne1 Bxg2 15. Nxg2 Qa6 16. Qc3+ Kg8 17. a4 Qb7 18. e4 a6 19. Ra3 Nf6 20. e5 dxe5 21. Qxe5 Qd7 22. Re1 Ra7 23. Nf4 Rb7 24. Qe2 b5 25. axb5 axb5 26. b3 Rfb8 27. Nd3 Qd6 28. Qe3 bxc4 29. bxc4 Rb3 30. Rxb3 Rxb3 1/2-1/2

[Event "Regionalliga NO 1617"]
[Site "Bayern"]
[Date "2016.12.04"]
[Round "3.6"]
[White "Nehls, Benedikt"]
[Black "Albrecht, Hans"]
[Result "1-0"]
[WhiteElo "2013"]
[BlackElo "2028"]
[PlyCount "79"]
[EventDate "2016.10.16"]
[EventType "team-tourn"]
[EventRounds "9"]
[EventCountry "GER"]
[SourceTitle "EXT 2019"]
[Source "ChessBase"]
[SourceDate "2018.10.10"]
[SourceVersion "1"]
[SourceVersionDate "2018.10.10"]
[SourceQuality "1"]
[WhiteTeam "Erlangen SC II"]
[BlackTeam "Altensittenbach"]
[WhiteTeamCountry "GER"]
[BlackTeamCountry "GER"]

1. d4 Nf6 2. c4 e6 3. Nf3 b6 4. g3 Bb7 5. Bg2 Bb4+ 6. Bd2 Bxd2+ 7. Qxd2 0-0 8. Nc3 d6 9. 0-0 Nbd7 10. d5 e5 11. b4 a5 12. a3 Qe7 13. e4 Rfb8 14. Qc2 Qd8 15. Nb5 Ra6 16. Nd2 Ne8 17. Nb3 axb4 18. axb4 Rba8 19. Rxa6 Bxa6 20. Na3 Qb8 21. Ra1 Bc8 22. Bf1 Nf8 23. Qc3 f5 24. f3 Nf6 25. Nd2 Bd7 26. c5 bxc5 27. bxc5 fxe4 28. fxe4 Ra4 29. Bd3 Qa7 30. Nc2 Rxa1+ 31. Nxa1 Bh3 32. Nc2 N8d7 33. Nb3 dxc5 34. Qc4 Kf8 35. Bf1 Bxf1 36. Kxf1 Ke7 37. Ne3 g6 38. h3 Kd6 39. Qb5 Qb6 40. Nc4+ 1-0

[Event "Regionalliga NO 1516"]
[Site "Bayern"]
[Date "2016.03.13"]
[Round "8.6"]
[White "Braun, Robert"]
[Black "Albrecht, Hans"]
[Result "1/2-1/2"]
[WhiteElo "1928"]
[BlackElo "2036"]
[PlyCount "39"]
[EventDate "2015.10.11"]
[EventType "team-tourn"]
[EventRounds "9"]
[EventCountry "GER"]
[SourceTitle "EXT 2018"]
[Source "ChessBase"]
[SourceDate "2017.10.13"]
[SourceVersion "1"]
[SourceVersionDate "2017.10.13"]
[SourceQuality "1"]
[WhiteTeam "Buechenbach/Roth"]
[BlackTeam "Altensittenbach"]
[WhiteTeamCountry "GER"]
[BlackTeamCountry "GER"]

1. e4 e6 2. d4 d5 3. Nc3 Bb4 4. e5 c5 5. a3 Bxc3+ 6. bxc3 Qc7 7. Qg4 f5 8. Qg3 cxd4 9. cxd4 Qxc2 10. Bd2 Qc7 11. Rc1 Nc6 12. Bb5 Kf7 13. Nf3 Nge7 14. 0-0 Bd7 15. Qh4 h6 16. Qh5+ Kg8 17. Rc3 Rf8 18. Rb1 a6 19. Bxc6 Nxc6 20. Kh1 1/2-1/2

[Event "Regionalliga NO 1516"]
[Site "Bayern"]
[Date "2016.02.21"]
[Round "7.6"]
[White "Albrecht, Hans"]
[Black "Paar, Johannes"]
[Result "1-0"]
[WhiteElo "2036"]
[BlackElo "1976"]
[PlyCount "65"]
[EventDate "2015.10.11"]
[EventType "team-tourn"]
[EventRounds "9"]
[EventCountry "GER"]
[SourceTitle "EXT 2018"]
[Source "ChessBase"]
[SourceDate "2017.10.13"]
[SourceVersion "1"]
[SourceVersionDate "2017.10.13"]
[SourceQuality "1"]
[WhiteTeam "Altensittenbach"]
[BlackTeam "Schwandorf"]
[WhiteTeamCountry "GER"]
[BlackTeamCountry "GER"]

1. e4 c5 2. Nf3 d6 3. d4 cxd4 4. Nxd4 Nf6 5. Nc3 g6 6. g3 Bg7 7. Bg2 0-0 8. 0-0 Nbd7 9. Nd5 Nc5 10. Re1 Bd7 11. c3 Rc8 12. Bg5 e5 13. Nb3 Ba4 14. Qf3 Ncd7 15. Bh3 Nxd5 16. Bxd8 Rcxd8 17. exd5 f5 18. Qe3 Nb6 19. Bf1 f4 20. Qe4 Bd7 21. a4 Bf5 22. Qb4 fxg3 23. hxg3 Rf7 24. Rad1 Nc8 25. c4 b6 26. a5 Rdf8 27. axb6 axb6 28. Qd2 Bg4 29. Ra1 Ne7 30. Ra7 h5 31. Qe3 Nxd5 32. Rxf7 Nxe3 33. Rxf8+ 1-0

[Event "Regionalliga NO 1516"]
[Site "Bayern"]
[Date "2015.12.13"]
[Round "4.5"]
[White "Albrecht, Hans"]
[Black "Brack, Johannes"]
[Result "1-0"]
[WhiteElo "2036"]
[BlackElo "1875"]
[PlyCount "179"]
[EventDate "2015.10.11"]
[EventType "team-tourn"]
[EventRounds "9"]
[EventCountry "GER"]
[SourceTitle "EXT 2018"]
[Source "ChessBase"]
[SourceDate "2017.10.13"]
[SourceVersion "1"]
[SourceVersionDate "2017.10.13"]
[SourceQuality "1"]
[WhiteTeam "Altensittenbach"]
[BlackTeam "Regensburg Turnerschaft"]
[WhiteTeamCountry "GER"]
[BlackTeamCountry "GER"]

1. e4 d6 2. d4 Nf6 3. Nc3 g6 4. f4 Bg7 5. Nf3 0-0 6. Be2 Bg4 7. 0-0 Re8 8. e5 Nfd7 9. h3 Bxf3 10. Bxf3 Qc8 11. Qe2 c5 12. Qe4 Nc6 13. d5 f5 14. exf6 exf6 15. Qd3 Nd4 16. Ne4 Qc7 17. c3 f5 18. cxd4 fxe4 19. Bxe4 Bxd4+ 20. Kh2 Nf6 21. Bf3 Re7 22. f5 Rae8 23. fxg6 Re1 24. Bf4 Rxa1 25. Rxa1 Bxb2 26. gxh7+ Kh8 27. Rb1 Be5 28. Bxe5 Rxe5 29. Qg6 Nxh7 30. Bg4 Rg5 31. Qe6 Rg7 32. Re1 b5 33. Qe8+ Rg8 34. Qxb5 Qg7 35. Re8 Nf6 36. Rxg8+ Qxg8 37. Be6 Qg5 38. Qb8+ Kg7 39. Qc7+ Kh6 40. Qxd6 c4 41. Qf8+ Kh7 42. Qa3 Nxd5 43. Qg3 Qxg3+ 44. Kxg3 Nb6 45. Kf3 Kg6 46. Ke3 Kf6 47. Bg4 Ke5 48. Bf3 a5 49. h4 Na4 50. Be2 Nb6 51. Bf3 a4 52. a3 Nd7 53. Be2 Nb6 54. g4 Nd5+ 55. Kd2 Kd4 56. h5 Nf6 57. Bf3 Nh7 58. h6 c3+ 59. Kc1 Ke3 60. Bd1 Kf4 61. Bc2 Ng5 62. h7 Nf7 63. Bg6 Nh8 64. Bh5 Kg5 65. Kc2 Kh6 66. Kxc3 Kxh7 67. g5 Ng6 68. Kb4 Nf4 69. Be8 Nd5+ 70. Kxa4 Kg7 71. Bh5 Nf4 72. Be8 Nd5 73. Bc6 Nc7 74. Be4 Ne6 75. Bd5 Nxg5 76. Kb5 Kf6 77. a4 Ke5 78. Kc6 Nh3 79. a5 Nf4 80. Bc4 Kd4 81. a6 Kxc4 82. a7 Ne6 83. a8Q Nd4+ 84. Kd6 Nb5+ 85. Ke5 Kb4 86. Qc6 Nc3 87. Kd4 Nb5+ 88. Kd3 Ka5 89. Kc4 Na3+ 90. Kc5 1-0

[Event "Regionalliga NO 1415"]
[Site "Bayern"]
[Date "2015.03.15"]
[Round "8.6"]
[White "Schoen, Rudolf"]
[Black "Albrecht, Hans"]
[Result "0-1"]
[WhiteElo "1879"]
[BlackElo "2036"]
[PlyCount "90"]
[EventDate "2014.10.19"]
[EventType "team-tourn"]
[EventRounds "9"]
[EventCountry "GER"]
[SourceTitle "EXT 2018"]
[Source "ChessBase"]
[SourceDate "2017.10.13"]
[SourceVersion "1"]
[SourceVersionDate "2017.10.13"]
[SourceQuality "1"]
[WhiteTeam "Windischeschenbach"]
[BlackTeam "Altensittenbach"]
[WhiteTeamCountry "GER"]
[BlackTeamCountry "GER"]

1. e4 e6 2. d4 d5 3. e5 c5 4. c3 Nc6 5. Nf3 Qb6 6. Be2 cxd4 7. cxd4 Nge7 8. Na3 Nf5 9. Nc2 Bb4+ 10. Kf1 Be7 11. g4 Nh4 12. Nxh4 Bxh4 13. Rg1 Nxe5 14. Be3 Nc4 15. g5 Nxe3+ 16. Nxe3 h6 17. gxh6 gxh6 18. Ng4 Bd7 19. Qd3 0-0-0 20. Ne5 Rhf8 21. Qc3+ Kb8 22. a4 Bf6 23. a5 Qc7 24. Nxd7+ Rxd7 25. Qa3 Rc8 26. Qa4 Rdd8 27. a6 b6 28. Rg3 Qf4 29. Rd1 Rc7 30. Kg2 Bh4 31. Qa3 Bxg3 32. hxg3 Qg5 33. Rd3 f5 34. Re3 Qf6 35. Re5 h5 36. Bxh5 Qh6 37. Bf3 Rc1 38. g4 fxg4 39. Bxg4 Qh1+ 40. Kg3 Rg1+ 41. Kf4 Qh6+ 42. Kf3 Qf8+ 43. Qxf8 Rxf8+ 44. Ke3 Rxg4 45. Rxe6 Re4+ 0-1

[Event "Regionalliga NO 1314"]
[Site "Bayern"]
[Date "2014.02.09"]
[Round "6.6"]
[White "Reichmann, Ulrich"]
[Black "Albrecht, Hans"]
[Result "1/2-1/2"]
[WhiteElo "1939"]
[BlackElo "2018"]
[PlyCount "65"]
[EventDate "2013.10.13"]
[EventType "team-tourn"]
[EventRounds "9"]
[EventCountry "GER"]
[SourceTitle "EXT 2015"]
[Source "ChessBase"]
[SourceDate "2014.11.20"]
[SourceVersion "1"]
[SourceVersionDate "2014.11.20"]
[SourceQuality "1"]
[WhiteTeam "Gunzenhausen"]
[BlackTeam "Altensittenbach"]
[WhiteTeamCountry "GER"]
[BlackTeamCountry "GER"]

1. e4 e6 2. d4 d5 3. Nc3 Bb4 4. e5 c5 5. a3 Bxc3+ 6. bxc3 Qc7 7. Qg4 f5 8. Qh5+ g6 9. Qd1 Bd7 10. h4 h6 11. Rb1 Nc6 12. Nf3 0-0-0 13. Be3 c4 14. Qd2 Qa5 15. Qc1 Kb8 16. g3 Qxc3+ 17. Kd1 Qa5 18. Qb2 Qc7 19. Bd2 Be8 20. Be2 Rh7 21. Qc3 Ka8 22. Ke1 Nge7 23. Kf1 Nc8 24. a4 Bd7 25. Kg2 Rg8 26. Ra1 Nd8 27. Qa3 Ne7 28. Bb4 Nec6 29. Bc3 Nf7 30. Bd2 Rhg7 31. Qc1 Qd8 32. Bxh6 Nxh6 33. Qxh6 1/2-1/2

[Event "Regionalliga NO 1314"]
[Site "Bayern"]
[Date "2014.01.19"]
[Round "5.6"]
[White "Albrecht, Hans"]
[Black "Muehlbauer, Gerhard"]
[Result "1/2-1/2"]
[WhiteElo "2018"]
[BlackElo "1989"]
[PlyCount "82"]
[EventDate "2013.10.13"]
[EventType "team-tourn"]
[EventRounds "9"]
[EventCountry "GER"]
[SourceTitle "EXT 2015"]
[Source "ChessBase"]
[SourceDate "2014.11.20"]
[SourceVersion "1"]
[SourceVersionDate "2014.11.20"]
[SourceQuality "1"]
[WhiteTeam "Altensittenbach"]
[BlackTeam "Bad Koetzting"]
[WhiteTeamCountry "GER"]
[BlackTeamCountry "GER"]

1. e4 c5 2. Nf3 d6 3. d4 cxd4 4. Nxd4 Nf6 5. Nc3 a6 6. g3 e6 7. Bg2 Be7 8. 0-0 0-0 9. Be3 Qc7 10. h3 Nc6 11. Nxc6 bxc6 12. Na4 Rb8 13. b3 Rd8 14. f4 d5 15. e5 Nd7 16. Qe2 c5 17. c4 d4 18. Bd2 Bb7 19. Bxb7 Rxb7 20. Qe4 Re8 21. Rf3 Bf8 22. Raf1 f5 23. exf6 Nxf6 24. Qd3 Qc6 25. R3f2 Rbe7 26. Re1 e5 27. fxe5 Rxe5 28. Rxe5 Rxe5 29. Re2 Qe6 30. Rxe5 Qxe5 31. Nb2 Bd6 32. Bf4 Qe1+ 33. Qf1 Qe6 34. Bxd6 Qxd6 35. Qf3 Qe6 36. Nd3 Nd7 37. h4 h6 38. Kg2 Kh7 39. Kf2 g6 40. Qf4 Qe7 41. Kf3 Kg7 1/2-1/2

[Event "Regionalliga NO 1314"]
[Site "Bayern"]
[Date "2013.12.15"]
[Round "4.6"]
[White "Nickmann, Peter"]
[Black "Albrecht, Hans"]
[Result "1/2-1/2"]
[WhiteElo "1811"]
[BlackElo "2018"]
[PlyCount "83"]
[EventDate "2013.10.13"]
[EventType "team-tourn"]
[EventRounds "9"]
[EventCountry "GER"]
[SourceTitle "EXT 2015"]
[Source "ChessBase"]
[SourceDate "2014.11.20"]
[SourceVersion "1"]
[SourceVersionDate "2014.11.20"]
[SourceQuality "1"]
[WhiteTeam "Fuerth SF"]
[BlackTeam "Altensittenbach"]
[WhiteTeamCountry "GER"]
[BlackTeamCountry "GER"]

1. e4 e6 2. d4 d5 3. Nd2 c5 4. Ngf3 Nf6 5. Bb5+ Bd7 6. Bxd7+ Qxd7 7. exd5 Qxd5 8. c4 Qc6 9. 0-0 Be7 10. b3 0-0 11. Bb2 a6 12. Qe2 cxd4 13. Nxd4 Qc7 14. N4f3 Nbd7 15. Rfd1 Rfd8 16. Ne5 Nxe5 17. Bxe5 Qc6 18. Qf3 Qxf3 19. Nxf3 Ne8 20. Kf1 f6 21. Bc3 Rxd1+ 22. Rxd1 Rd8 23. Rxd8 Bxd8 24. Ke2 Kf7 25. Nd2 e5 26. Ne4 Be7 27. Ba5 Ke6 28. f3 f5 29. Nf2 Bc5 30. Nd1 Nf6 31. Bd2 Bg1 32. h3 Ba7 33. Be3 Bb8 34. Nc3 Kd6 35. b4 h6 36. a4 Bc7 37. Kd3 Ke6 38. g4 e4+ 39. Ke2 exf3+ 40. Kxf3 Be5 41. Ne2 fxg4+ 42. hxg4 1/2-1/2

[Event "Regionalliga NO 1314"]
[Site "Bayern"]
[Date "2013.11.10"]
[Round "2.6"]
[White "Kaiser, Harald"]
[Black "Albrecht, Hans"]
[Result "1/2-1/2"]
[WhiteElo "1942"]
[BlackElo "2018"]
[PlyCount "71"]
[EventDate "2013.10.13"]
[EventType "team-tourn"]
[EventRounds "9"]
[EventCountry "GER"]
[SourceTitle "EXT 2015"]
[Source "ChessBase"]
[SourceDate "2014.11.20"]
[SourceVersion "1"]
[SourceVersionDate "2014.11.20"]
[SourceQuality "1"]
[WhiteTeam "Bechhofen"]
[BlackTeam "Altensittenbach"]
[WhiteTeamCountry "GER"]
[BlackTeamCountry "GER"]

1. e4 e6 2. d3 c5 3. g3 Nc6 4. Bg2 Nf6 5. Nf3 d5 6. Nbd2 b6 7. 0-0 Bb7 8. Re1 Be7 9. e5 Nd7 10. Qe2 Qc7 11. Nf1 h6 12. h4 0-0-0 13. c3 Ba6 14. c4 Ndb8 15. Bd2 dxc4 16. dxc4 Nd4 17. Nxd4 Rxd4 18. b3 Rhd8 19. Bc3 Rd3 20. Rac1 Nc6 21. Be4 R3d7 22. Qf3 Nb4 23. Bxb4 cxb4 24. Qxf7 Bg5 25. Qxe6 Bxc1 26. Rxc1 Kb8 27. f4 Qc5+ 28. Kg2 Bb7 29. Bxb7 Kxb7 30. Re1 Qd4 31. Qg4 Ka6 32. Qf3 Qc5 33. Re2 Rd3 34. Qe4 R8d4 35. Qh7 Rd8 36. Qe4 1/2-1/2

[Event "Mittelfranken-chTB1 1011"]
[Site "Germany"]
[Date "2011.04.03"]
[Round "8.2"]
[White "Seeger, Peter"]
[Black "Albrecht, Hans"]
[Result "1/2-1/2"]
[WhiteElo "2103"]
[BlackElo "2045"]
[PlyCount "96"]
[EventDate "2010.09.26"]
[EventType "team-tourn"]
[EventRounds "9"]
[EventCountry "GER"]
[SourceTitle "EXT 2012"]
[Source "ChessBase"]
[SourceDate "2011.11.24"]
[SourceVersion "1"]
[SourceVersionDate "2011.11.24"]
[SourceQuality "1"]
[WhiteTeam "Nuernberg NT III"]
[BlackTeam "Altensittenbach"]
[WhiteTeamCountry "GER"]
[BlackTeamCountry "GER"]

1. d4 Nf6 2. c4 e6 3. g3 Bb4+ 4. Bd2 Bxd2+ 5. Qxd2 d5 6. Nf3 0-0 7. Bg2 c6 8. Qc2 Nbd7 9. 0-0 Re8 10. Rd1 Qe7 11. Nbd2 dxc4 12. Nxc4 Nb6 13. Nfe5 Nxc4 14. Nxc4 Rd8 15. Rac1 Bd7 16. Na5 Be8 17. a3 Qc7 18. Nb3 Qb6 19. Nc5 Nd7 20. e3 Nxc5 21. dxc5 Qc7 22. Bf3 Rxd1+ 23. Rxd1 Rd8 24. Rd4 Rxd4 25. exd4 a6 26. Qe4 g6 27. Qe5 Qxe5 28. dxe5 f6 29. Bg4 Kf7 30. f4 f5 31. Bf3 h6 32. Kf2 Ke7 33. Ke3 Kd8 34. Kd4 Kc7 35. g4 Kd8 36. gxf5 gxf5 37. Ke3 Ke7 38. Kf2 Kf8 39. a4 Ke7 40. Kg3 Kf8 41. Kh4 Kg7 42. Kg3 Kf8 43. Kf2 Ke7 44. Ke3 Kd8 45. Kd4 Kc7 46. Kc3 Kd8 47. Be2 Kc7 48. Kb3 Kd8 1/2-1/2

[Event "Mittelfranken-chTB1 1011"]
[Site "Germany"]
[Date "2011.03.13"]
[Round "7.2"]
[White "Albrecht, Hans"]
[Black "Wissmeier, Bernd"]
[Result "1/2-1/2"]
[WhiteElo "2045"]
[BlackElo "1948"]
[PlyCount "78"]
[EventDate "2010.09.26"]
[EventType "team-tourn"]
[EventRounds "9"]
[EventCountry "GER"]
[SourceTitle "EXT 2012"]
[Source "ChessBase"]
[SourceDate "2011.11.24"]
[SourceVersion "1"]
[SourceVersionDate "2011.11.24"]
[SourceQuality "1"]
[WhiteTeam "Altensittenbach"]
[BlackTeam "Nuernberg SK 1911"]
[WhiteTeamCountry "GER"]
[BlackTeamCountry "GER"]

1. e4 c5 2. Nf3 d6 3. d4 cxd4 4. Nxd4 Nf6 5. Nc3 a6 6. g3 b5 7. Bg2 Bb7 8. 0-0 Qc7 9. Nd5 Nxd5 10. exd5 Nd7 11. c3 Rc8 12. Re1 Nf6 13. Nc2 g6 14. a4 bxa4 15. Ne3 Bg7 16. Rxa4 0-0 17. c4 Nd7 18. b3 Nc5 19. Ra3 Rfe8 20. Qc2 Qb6 21. Bd2 e5 22. dxe6 fxe6 23. Ba5 Qa7 24. Rd1 Bxg2 25. Nxg2 Nb7 26. Bc3 Bxc3 27. Qxc3 d5 28. Qe3 Qxe3 29. Nxe3 dxc4 30. Nxc4 Nc5 31. b4 Ne4 32. Rd4 Ng5 33. f4 Nf7 34. Rxa6 e5 35. Re4 exf4 36. Rxf4 Re2 37. Rxf7 Rxc4 38. Rf2 Rxf2 39. Kxf2 Rxb4 1/2-1/2

[Event "Mittelfranken-chTB1 1011"]
[Site "Germany"]
[Date "2010.12.05"]
[Round "4.2"]
[White "Roeber, Juergen"]
[Black "Albrecht, Hans"]
[Result "1-0"]
[WhiteElo "2124"]
[BlackElo "2045"]
[PlyCount "115"]
[EventDate "2010.09.26"]
[EventType "team-tourn"]
[EventRounds "9"]
[EventCountry "GER"]
[SourceTitle "EXT 2012"]
[Source "ChessBase"]
[SourceDate "2011.11.24"]
[SourceVersion "1"]
[SourceVersionDate "2011.11.24"]
[SourceQuality "1"]
[WhiteTeam "Postbauer Heng"]
[BlackTeam "Altensittenbach"]
[WhiteTeamCountry "GER"]
[BlackTeamCountry "GER"]

1. e4 e6 2. d4 d5 3. exd5 exd5 4. Bd3 Nf6 5. h3 Nc6 6. c3 Bd6 7. Qf3 h6 8. Ne2 Ne7 9. 0-0 c6 10. Re1 Qc7 11. Bf4 Bxf4 12. Nxf4 0-0 13. Nd2 Kh8 14. Re5 Neg8 15. Rae1 Bd7 16. Bb1 Rae8 17. Nd3 Bc8 18. Nf1 Ne4 19. Rxe8 Rxe8 20. Ne5 Ngf6 21. Bxe4 dxe4 22. Qf4 Kg8 23. Nd2 Be6 24. Nxe4 Nxe4 25. Rxe4 Bxa2 26. Nd3 Qd8 27. Nb4 Rxe4 28. Qxe4 Be6 29. Qe5 Kh7 30. Nd3 Bc8 31. Qc5 Qb6 32. Qxb6 axb6 33. f4 f6 34. Kf2 Kg6 35. g4 Kf7 36. f5 g6 37. fxg6+ Kxg6 38. Kg3 Bd7 39. h4 Kf7 40. Kf4 Ke7 41. Nf2 Ke6 42. Ne4 Be8 43. Ng3 Bg6 44. Ne4 f5 45. gxf5+ Bxf5 46. Nd6 Bd3 47. Nxb7 Kd7 48. Ke5 h5 49. Nd6 Be2 50. Ne4 Bd1 51. Ng3 Ke7 52. c4 Kd7 53. d5 cxd5 54. cxd5 Bg4 55. Ne4 Bd1 56. Nf6+ Ke7 57. d6+ Kd8 58. Nd5 1-0

[Event "Mittelfranken-chTB1 1011"]
[Site "Germany"]
[Date "2010.11.21"]
[Round "3.2"]
[White "Albrecht, Hans"]
[Black "Justen, Detlef"]
[Result "0-1"]
[WhiteElo "2045"]
[BlackElo "2134"]
[PlyCount "48"]
[EventDate "2010.09.26"]
[EventType "team-tourn"]
[EventRounds "9"]
[EventCountry "GER"]
[SourceTitle "EXT 2012"]
[Source "ChessBase"]
[SourceDate "2011.11.24"]
[SourceVersion "1"]
[SourceVersionDate "2011.11.24"]
[SourceQuality "1"]
[WhiteTeam "Altensittenbach"]
[BlackTeam "Gunzenhausen"]
[WhiteTeamCountry "GER"]
[BlackTeamCountry "GER"]

1. e4 c5 2. Nc3 Nc6 3. f4 e6 4. Nf3 d5 5. e5 Nh6 6. g3 b6 7. a4 Be7 8. Bg2 Bb7 9. 0-0 Nf5 10. b3 h5 11. Bh1 c4 12. Kf2 Bc5+ 13. Ke1 cxb3 14. cxb3 Nb4 15. d4 Nxd4 16. Nxd4 Bxd4 17. Bb2 Ba6 18. Rf3 0-0 19. Rc1 Bc5 20. Bg2 Rc8 21. Bf1 Bb7 22. Bd3 Nxd3+ 23. Qxd3 Bb4 24. Kd1 Bxc3 0-1

[Event "Mittelfranken-chTB1 0910"]
[Site "Mittelfranken"]
[Date "2009.12.06"]
[Round "4.2"]
[White "Erlbeck, Peter"]
[Black "Albrecht, Hans"]
[Result "0-1"]
[WhiteElo "2089"]
[BlackElo "2052"]
[PlyCount "90"]
[EventDate "2009.10.11"]
[EventType "team-tourn"]
[EventRounds "9"]
[EventCountry "GER"]
[SourceTitle "EXT 2011"]
[Source "ChessBase"]
[SourceDate "2010.11.26"]
[SourceVersion "1"]
[SourceVersionDate "2010.11.26"]
[SourceQuality "1"]
[WhiteTeam "Nuernberg Sued SW II"]
[BlackTeam "Altensittenbach"]
[WhiteTeamCountry "GER"]
[BlackTeamCountry "GER"]

1. e4 e6 2. d4 d5 3. e5 c5 4. c3 Qb6 5. Nf3 Bd7 6. Be2 Nc6 7. 0-0 Nh6 8. dxc5 Bxc5 9. b4 Be7 10. b5 Na5 11. a4 f5 12. Bxh6 gxh6 13. Nd4 0-0 14. f4 Rf7 15. Kh1 Kh8 16. Rf3 Bf8 17. Ra2 Rc8 18. Rh3 Bg7 19. Bh5 Rff8 20. Re2 a6 21. Rb2 Nc4 22. Rb3 axb5 23. axb5 Ra8 24. g4 Ra1 25. g5 hxg5 26. Bg6 h6 27. fxg5 Nxe5 28. gxh6 Nxg6 29. hxg7+ Kxg7 30. Qg1 Qd6 31. Qg5 Qf4 32. Qxf4 Nxf4 33. Rg3+ Kf6 34. Rg1 Rh8 35. Rf1 Nh5 36. Kg2 e5 37. Nf3 Ra2+ 38. Nfd2 f4 39. Rf2 Raa8 40. c4 dxc4 41. Nxc4 Be6 42. Nbd2 Bd5+ 43. Kf1 Ra1+ 44. Ke2 Ng7 45. Rb2 Nf5 0-1